[Event "IsBank TCh-TUR"]
[Site "Konya TUR"]
[Date "2010.07.02"]
[Round "5"]
[White "Haznedaroglu,K"]
[Black "Kinsiz,O"]
[Result "1-0"]
[WhiteElo "2501"]
[BlackElo "2219"]
[EventDate "2010.06.29"]

1. e4 c5 2. Nf3 Nc6 3. d4 cxd4 4. Nxd4 e5 5. Nb5 d6 6. N1c3 a6 7. Na3 b5 8.
Nd5 Nce7 9. Bg5 f6 10. Be3 Rb8 11. c4 Nxd5 12. Qxd5 b4 13. Nc2 Ne7 14. Qd3
f5 15. O-O-O fxe4 16. Qxd6 Qxd6 17. Rxd6 Nf5 18. Rd5 Bd6 19. Bc5 Bc7 20.
Bxb4 Be6 21. Rd1 Nd4 22. Bc5 Nc6 23. Be2 h5 24. Rhe1 Kf7 25. f3 exf3 26.
Bxf3 Ne7 27. Rf1 Nf5 28. Be4 g6 29. Ne3 Kf6 30. h3 h4 31. Ng4+ Kg7 32. Bd5
Bc8 33. Be7 Re8 34. Bf6+ Kh7 35. Bxh4 Kg7 36. Bf6+ Kh7 37. Bf7 Rf8 38. Nxe5
Rxf7 39. Nxf7 Ne3 40. Ng5+ Kh6 41. Be5 Bxe5 42. Nf7+ Kh5 43. Nxe5 Nxd1 44.
Rxd1 1-0

[Event "IsBank TCh-TUR"]
[Site "Konya TUR"]
[Date "2010.07.02"]
[Round "5"]
[White "Yuksel,A"]
[Black "Guven,B"]
[Result "1-0"]
[WhiteElo "1975"]
[BlackElo "1735"]
[EventDate "2010.06.29"]

1. e4 e5 2. f4 d5 3. exd5 exf4 4. Nf3 Qxd5 5. Nc3 Qd8 6. Bc4 Nc6 7. d4 Bg4
8. Bxf4 Bxf3 9. Qxf3 Nxd4 10. Qe4+ Qe7 11. O-O-O Qxe4 12. Nxe4 O-O-O 13. c3
Nc6 14. Bxf7 h6 15. Be6+ Kb8 16. Rxd8+ Nxd8 17. Bg4 Nf7 18. Rf1 Nd6 19.
Bxd6 Bxd6 20. Nxd6 cxd6 21. Rf8+ Kc7 22. Be6 1-0

[Event "IsBank TCh-TUR"]
[Site "Konya TUR"]
[Date "2010.07.02"]
[Round "5"]
[White "Ataman,A"]
[Black "Erdogdu,M"]
[Result "1-0"]
[WhiteElo "2191"]
[BlackElo "2458"]
[EventDate "2010.06.29"]

1. e4 c5 2. Nc3 a6 3. g3 b5 4. Bg2 Bb7 5. d3 e6 6. Qe2 Nc6 7. Nf3 d6 8. O-O
Nf6 9. a4 b4 10. Nd1 Be7 11. Ne3 O-O 12. Bd2 Re8 13. h3 Bf8 14. Ng4 Nd7 15.
Rae1 Qa5 16. b3 Nd4 17. Qd1 Rac8 18. Nh4 Qc7 19. Ne3 Nb6 20. f4 a5 21. g4
d5 22. e5 c4 23. Rf2 cxb3 24. cxb3 Ba6 25. Bf1 Nd7 26. g5 Kh8 27. Nf3 Bc5
28. Kh2 f6 29. gxf6 gxf6 30. Ng4 Nxf3+ 31. Rxf3 fxe5 32. fxe5 Rf8 33. Bh6
Rf5 34. d4 Rxf3 35. Qxf3 Bxf1 36. dxc5 Ba6 37. Qf7 Rg8 38. Nf6 1-0

[Event "IsBank TCh-TUR"]
[Site "Konya TUR"]
[Date "2010.07.02"]
[Round "5"]
[White "Yolal,Sena Gokcen"]
[Black "Menzi,N"]
[Result "1-0"]
[WhiteElo "1662"]
[BlackElo "1851"]
[EventDate "2010.06.29"]

1. e4 c5 2. Nf3 d6 3. d4 cxd4 4. Nxd4 Nf6 5. Nc3 g6 6. Be3 Bg7 7. f3 O-O 8.
Qd2 Nc6 9. Bc4 Bd7 10. h4 Ne5 11. Bb3 Qa5 12. O-O-O Rfc8 13. Bg5 Nc4 14.
Qd3 b5 15. Bxf6 exf6 16. Nd5 Kf8 17. g4 Bh6+ 18. g5 fxg5 19. hxg5 Bxg5+ 20.
f4 Bd8 21. Rxh7 Nb6 22. Nxb6 Qxb6 23. Rxf7+ Ke8 24. Rh1 1-0

[Event "IsBank TCh-TUR"]
[Site "Konya TUR"]
[Date "2010.07.02"]
[Round "5"]
[White "Erdogan,H"]
[Black "Esen,B"]
[Result "0-1"]
[WhiteElo "2271"]
[BlackElo "2521"]
[EventDate "2010.06.29"]

1. d4 Nf6 2. c4 e6 3. Nc3 c5 4. d5 exd5 5. cxd5 d6 6. e4 g6 7. Nf3 a6 8. a4
Bg4 9. Be2 Bxf3 10. Bxf3 Bg7 11. O-O O-O 12. g3 Nbd7 13. Bg2 Rb8 14. a5 Ne8
15. f4 b5 16. axb6 Rxb6 17. Re1 Nc7 18. Ra2 Re8 19. Bf1 Qb8 20. Bh3 Qd8 21.
Bf1 Rb4 22. Bd2 Qb8 23. Qc2 Bd4+ 24. Kg2 Nf6 25. Bd3 Qb7 26. h3 Rb8 27. Rb1
Bxc3 28. Bxc3 Nfxd5 29. exd5 Qxd5+ 30. Kh2 Qxa2 31. f5 Nd5 32. fxg6 hxg6
33. Bxg6 Nxc3 0-1

[Event "IsBank TCh-TUR"]
[Site "Konya TUR"]
[Date "2010.07.02"]
[Round "5"]
[White "Asan,E"]
[Black "Sop,S"]
[Result "0-1"]
[WhiteElo "1796"]
[BlackElo "1963"]
[EventDate "2010.06.29"]

1. e4 c5 2. Nf3 d6 3. d4 cxd4 4. Qxd4 Nc6 5. Bb5 Bd7 6. Bxc6 Bxc6 7. Nc3 h6
8. O-O e5 9. Qd3 Nf6 10. Re1 Be7 11. h3 O-O 12. Nh2 a6 13. Qg3 Kh8 14. Nf1
b5 15. a3 Re8 16. Qd3 Qb6 17. Ng3 Rad8 18. Be3 Qb7 19. Qd2 Bf8 20. f3 d5
21. exd5 Nxd5 22. Nxd5 Bxd5 23. Qf2 Qc6 24. Rad1 Qg6 25. Ne2 Bb7 26. Nc1
Bd6 27. Nb3 Bc8 28. Kh1 Bf5 29. Re2 Bc7 30. Rde1 Rd5 31. Nc5 Bc8 32. b4
Red8 33. c3 Rd1 34. Rxd1 Rxd1+ 35. Re1 Qb1 36. Rxd1 Qxd1+ 37. Qg1 Qc2 38.
Qc1 Qxc1+ 39. Bxc1 Kg8 40. Be3 f5 41. Kg1 Kf7 42. Kf1 Ke7 43. Ke2 Kd6 44.
Kd3 Kd5 45. g4 a5 46. Bf2 a4 47. Be3 Bd6 48. Bf2 Be7 49. Be3 Bf6 50. Bf2 g6
51. Be3 Bg7 52. Bf2 fxg4 53. hxg4 h5 54. gxh5 gxh5 55. Bh4 Bf5+ 56. Kd2
Bh6+ 57. Kd1 Kc4 58. Be1 Bf4 59. Ke2 Bc1 60. Nb7 Bd3+ 61. Kf2 Bxa3 62. Na5+
Kd5 63. Ke3 Bg6 64. Ke2 Bb2 0-1

[Event "IsBank TCh-TUR"]
[Site "Konya TUR"]
[Date "2010.07.02"]
[Round "5"]
[White "Kanli,K"]
[Black "Burneckas,Y"]
[Result "0-1"]
[WhiteElo "1939"]
[BlackElo "1946"]
[EventDate "2010.06.29"]

1. e4 c5 2. Nf3 Nc6 3. d4 cxd4 4. Nxd4 Nf6 5. Nc3 e5 6. Ndb5 d6 7. Bg5 a6
8. Na3 b5 9. Nd5 Be7 10. Bxf6 Bxf6 11. c3 O-O 12. Nc2 Rb8 13. h4 g6 14. g3
Bg7 15. h5 Ne7 16. Nce3 Be6 17. Bh3 Nxd5 18. Nxd5 Qd7 19. hxg6 hxg6 20. Bg2
Rfc8 21. Qd2 a5 22. Rd1 Rc5 23. Ne3 b4 24. cxb4 Rxb4 25. b3 Rd4 26. Qe2 a4
27. bxa4 Qxa4 28. Ra1 Qb4+ 29. Kf1 Rd2 30. Qf3 Qb2 31. Rd1 Bc4+ 32. Nxc4
Rxd1+ 33. Qxd1 Rxc4 0-1

[Event "IsBank TCh-TUR"]
[Site "Konya TUR"]
[Date "2010.07.02"]
[Round "5"]
[White "Baglan,E"]
[Black "Yurtseven,M"]
[Result "0-1"]
[WhiteElo "1800"]
[BlackElo "1964"]
[EventDate "2010.06.29"]

1. e4 c5 2. Nf3 d6 3. d4 Nf6 4. Nc3 cxd4 5. Qxd4 a6 6. e5 Nc6 7. Qa4 dxe5
8. Nxe5 Bd7 9. Nxd7 Nxd7 10. Be3 e6 11. Be2 Bb4 12. Rd1 Qe7 13. O-O O-O 14.
a3 Nc5 15. Bxc5 Bxc5 16. Ne4 Ba7 17. c3 Rfd8 18. Rxd8+ Nxd8 19. Rd1 Nc6 20.
Qc2 b5 21. a4 Rb8 22. axb5 axb5 23. Qd3 b4 24. Qd6 Qxd6 25. Nxd6 bxc3 26.
bxc3 Ne5 27. Kf1 g5 28. Nb5 Bc5 29. g3 g4 30. c4 Ra8 31. Nc3 f5 32. Kg2 Ra3
33. Rc1 Kf7 34. Rc2 h5 35. h4 Nf3 36. Bxf3 gxf3+ 37. Kxf3 Bb4 38. Kf4 Bxc3
39. c5 Kf6 40. Ke3 Be5+ 41. Ke2 Rc3 42. Rxc3 Bxc3 43. c6 Ba5 44. f3 Bc7 45.
Kf2 Bd6 46. Kg2 Ke7 47. Kh3 Kd8 48. g4 hxg4+ 49. fxg4 fxg4+ 50. Kxg4 Kc7
51. Kg5 Kxc6 52. Kf6 Kd5 53. h5 e5 0-1

[Event "IsBank TCh-TUR"]
[Site "Konya TUR"]
[Date "2010.07.02"]
[Round "5"]
[White "Atalik,S"]
[Black "Sengul,C"]
[Result "1-0"]
[WhiteElo "2607"]
[BlackElo "2188"]
[EventDate "2010.06.29"]

1. d4 Nf6 2. c4 e6 3. Nc3 Bb4 4. e3 b6 5. Nge2 Ba6 6. Ng3 Bxc3+ 7. bxc3 d5
8. Ba3 Bxc4 9. Bxc4 dxc4 10. e4 Qd7 11. O-O Nc6 12. Qe2 O-O-O 13. Qxc4 Kb7
14. Qe2 h5 15. Rfd1 h4 16. Nf1 h3 17. g3 Na5 18. Nd2 Qa4 19. Be7 Rd7 20.
Bxf6 gxf6 21. Nb3 e5 22. Rab1 Ka8 23. Nxa5 Qxa5 24. Qc4 Kb7 25. d5 Rd6 26.
Rb5 Qa3 27. Rb3 Qa6 28. Qxa6+ Kxa6 29. c4 Rdd8 30. c5 Kb7 31. c6+ Kc8 32.
Rf3 Rh6 33. Kf1 Rg8 34. Ke2 Kd8 35. d6 f5 36. Rxf5 Rxd6 37. Rxd6+ cxd6 38.
Rxf7 a6 39. Rb7 Kc8 40. Rxb6 Kc7 41. Rxa6 Rb8 42. g4 Rb1 43. Ra3 Kxc6 44.
Rxh3 Kc5 45. Rd3 Rb2+ 46. Rd2 Rb1 47. h4 1-0

[Event "IsBank TCh-TUR"]
[Site "Konya TUR"]
[Date "2010.07.02"]
[Round "5"]
[White "Atakisi,U"]
[Black "Arutinian,D"]
[Result "1/2-1/2"]
[WhiteElo "2384"]
[BlackElo "2566"]
[EventDate "2010.06.29"]

1. e4 c6 2. d4 d5 3. Nc3 dxe4 4. Nxe4 Bf5 5. Ng3 Bg6 6. N1e2 e6 7. Nf4 Qc7
8. Nxg6 hxg6 9. Qf3 Nf6 10. Be2 Nbd7 11. c3 O-O-O 12. Bg5 e5 13. O-O-O exd4
14. cxd4 Re8 15. Bc4 Nb6 16. Bb3 Nfd5 17. Kb1 Be7 18. Bd2 f5 19. Ne2 Bd6
20. Nc3 Nf6 21. Bg5 Kb8 22. Bxf6 gxf6 23. h4 Qg7 24. h5 gxh5 25. Rxh5 f4
26. Rxh8 Qxh8 27. g3 fxg3 28. fxg3 f5 29. Qxf5 Bxg3 30. d5 cxd5 1/2-1/2

[Event "IsBank TCh-TUR"]
[Site "Konya TUR"]
[Date "2010.07.02"]
[Round "5"]
[White "Tanrikulu,E"]
[Black "Dogan,A"]
[Result "1/2-1/2"]
[WhiteElo "2259"]
[BlackElo "2109"]
[EventDate "2010.06.29"]

1. e4 e6 2. d4 d5 3. exd5 exd5 4. Bd3 Bd6 5. Ne2 Qh4 6. Nbc3 c6 7. Be3 Nf6
8. g3 Qh5 9. Qd2 Bf5 10. Bf4 Bxf4 11. Nxf4 Qf3 12. Qe2+ Qxe2+ 13. Kxe2
Bxd3+ 14. Nxd3 O-O 15. f3 Re8+ 16. Kd2 Nbd7 17. Rae1 Rxe1 18. Rxe1 Re8 19.
Rxe8+ Nxe8 20. Na4 Kf8 21. Nac5 Nxc5 22. Nxc5 Nd6 23. Nd3 Ke7 24. c3 Nf5
25. Nc5 Nd6 26. Nd3 Nf5 27. Nc5 Nd6 28. Nd3 1/2-1/2

[Event "IsBank TCh-TUR"]
[Site "Konya TUR"]
[Date "2010.07.02"]
[Round "5"]
[White "Apaydin,F"]
[Black "Karagollu,A"]
[Result "1-0"]
[WhiteElo "2179"]
[BlackElo "1919"]
[EventDate "2010.06.29"]

1. e4 e5 2. Nc3 Nc6 3. g3 f5 4. d3 Nf6 5. exf5 d5 6. Bh3 Bc5 7. Nf3 O-O 8.
O-O Qe8 9. Bd2 Bd7 10. Re1 Qh5 11. Nh4 Qxd1 12. Nxd1 Rae8 13. c3 a5 14. Bg2
e4 15. d4 Ba7 16. h3 Ne7 17. g4 h5 18. f3 c5 19. dxc5 Bxc5+ 20. Be3 Bd6 21.
Bf2 Bf4 22. Ne3 Bc6 23. Rad1 Nd7 24. Nc2 Ne5 25. Nd4 hxg4 26. hxg4 Nd3 27.
Re2 Nxf2 28. Kxf2 e3+ 29. Kg1 Bg5 30. Ng6 Nxg6 31. fxg6 Rf6 32. Bf1 Bf4 33.
Rg2 Rxg6 34. Bd3 Rh6 35. Kf1 Kf7 36. g5 Rh1+ 37. Ke2 Rxd1 38. Kxd1 Bd7 39.
Bf5 Bxf5 40. Nxf5 Kg6 41. Nd4 Rh8 42. Ke2 Rh1 43. Ne6 Bd6 44. Kxe3 Re1+ 45.
Re2 Rd1 46. f4 Rf1 47. Rf2 Re1+ 48. Re2 Rf1 49. a4 b6 50. Rd2 Re1+ 51. Kf3
Rxe6 52. Rxd5 Kh5 53. f5 Re5 54. Rxd6 Rxf5+ 55. Ke4 Rxg5 56. Rxb6 Rg4+ 57.
Kd5 g5 58. b4 axb4 59. cxb4 Rg1 60. Rb8 g4 61. a5 g3 62. Rg8 g2 63. b5 Rb1
64. Kc6 Ra1 65. a6 Ra4 1-0

[Event "IsBank TCh-TUR"]
[Site "Konya TUR"]
[Date "2010.07.02"]
[Round "5"]
[White "Serin,S"]
[Black "Suer,U"]
[Result "0-1"]
[WhiteElo "1719"]
[BlackElo "1793"]
[EventDate "2010.06.29"]

1. d4 d5 2. Nc3 Nf6 3. Bg5 Nbd7 4. f3 h6 5. Bh4 c6 6. e4 dxe4 7. fxe4 Qa5
8. Bd3 e5 9. Bf2 Bb4 10. Nge2 Ng4 11. Bg1 O-O 12. a3 Be7 13. Ng3 exd4 14.
Nf5 Bf6 15. b4 Qd8 16. Ne2 Ne3 17. Bxe3 dxe3 18. Rb1 Ne5 19. O-O Re8 20.
Neg3 g6 21. Nxe3 Bg5 22. Qe2 Qb6 23. Rfe1 Ng4 24. Ngf1 f5 25. Qf3 f4 26.
Kh1 Nxe3 27. Nxe3 fxe3 28. e5 Be6 29. Bxg6 Bd5 30. Qg3 Rf8 31. h4 Rf2 32.
Rg1 Bf4 33. Qg4 Qc7 34. e6 Qe7 35. Rbf1 Rf8 36. c4 Bxg2+ 0-1

[Event "IsBank TCh-TUR"]
[Site "Konya TUR"]
[Date "2010.07.02"]
[Round "5"]
[White "Soylemez,C"]
[Black "Kaplan,E"]
[Result "0-1"]
[WhiteElo "1935"]
[BlackElo "1799"]
[EventDate "2010.06.29"]

1. d4 d5 2. c4 e6 3. Nc3 c5 4. cxd5 exd5 5. g3 Nc6 6. Nf3 Nf6 7. Bg2 Be7 8.
O-O O-O 9. Bg5 c4 10. Ne5 Be6 11. Bxf6 gxf6 12. Nf3 f5 13. b3 Bf6 14. Rc1
Qa5 15. bxc4 dxc4 16. e3 Rac8 17. Nd2 b5 18. a3 Ne7 19. Qc2 Rfd8 20. Rfd1
a6 21. Ra1 Qb6 22. Rab1 Qa5 23. Ra1 Qb6 24. Rdb1 Rb8 25. Na4 Qd6 26. Nc5
Rdc8 27. Nxe6 fxe6 28. Bf3 Qc7 29. g4 e5 30. gxf5 exd4 31. exd4 Bxd4 32.
Ra2 Qf4 33. Re1 Nxf5 34. Re4 Qd6 35. Rg4+ Ng7 36. Ne4 Qh6 37. Ng5 Be5 38.
Bd5+ Kf8 39. Nxh7+ Ke7 40. f4 Bd4+ 41. Kh1 Bc5 42. Qe4+ Kd7 43. Rd2 Re8 44.
Be6+ Kc7 45. Rd7+ Kb6 46. Rgxg7 Rxe6 47. Rb7+ Ka5 48. Qb1 Rxb7 49. Rxb7 Re2
0-1

[Event "IsBank TCh-TUR"]
[Site "Konya TUR"]
[Date "2010.07.02"]
[Round "5"]
[White "Karabayir,M"]
[Black "Emiroglu,C"]
[Result "0-1"]
[WhiteElo "1867"]
[BlackElo "2100"]
[EventDate "2010.06.29"]

1. e4 c5 2. b3 e6 3. Bb2 d5 4. exd5 exd5 5. Bb5+ Bd7 6. Qe2+ Qe7 7. Bxd7+
Nxd7 8. d4 Ngf6 9. dxc5 Qxe2+ 10. Nxe2 Bxc5 11. O-O O-O 12. Nbc3 Rfe8 13.
Rad1 Nb6 14. Nd4 Rad8 15. Nce2 Na8 16. Ng3 Ne4 17. Nh5 g6 18. Nf4 Nc7 19.
Nd3 Bb6 20. Ne1 Ne6 21. Nef3 Rc8 22. a4 a6 23. Nxe6 fxe6 24. Bd4 Ba5 25. c4
dxc4 26. bxc4 Rxc4 27. Rb1 Nd2 28. Nxd2 Bxd2 29. Be5 Rc5 30. Bd4 Rd5 31.
Bf6 Kf7 32. Bh4 b5 33. axb5 axb5 34. Ra1 g5 35. Bg3 h5 36. h3 h4 37. Bh2 e5
38. Rfd1 Red8 39. Kf1 Kf6 40. Ke2 Bc3 41. Ra6+ Kf5 42. Rxd5 Rxd5 43. Ra8 b4
44. Rf8+ Ke6 45. Rb8 Rd2+ 46. Ke3 Rd1 47. Rb6+ Kd5 48. Rb5+ Kc4 49. Ra5 Rh1
50. Ke2 Rxh2 51. Kf1 Rh1+ 0-1

[Event "IsBank TCh-TUR"]
[Site "Konya TUR"]
[Date "2010.07.02"]
[Round "5"]
[White "Sasmazel,B"]
[Black "Tandogan,Buket"]
[Result "1-0"]
[WhiteElo "1876"]
[BlackElo "1553"]
[EventDate "2010.06.29"]

1. e4 c5 2. Nc3 Nc6 3. g3 g6 4. Bg2 Bg7 5. d3 Rb8 6. f4 d6 7. Nf3 b5 8. O-O
b4 9. Nd5 e6 10. Ne3 Nge7 11. g4 f5 12. Nh4 Nd4 13. Bd2 O-O 14. exf5 exf5
15. c3 bxc3 16. bxc3 Nb5 17. Qb3+ c4 18. Qxc4+ Kh8 19. gxf5 Nxf5 20. Nhxf5
Bxf5 21. Nxf5 Rxf5 22. d4 Na3 23. Qd3 Qc7 24. Be4 Rfb5 25. f5 gxf5 26. Bxf5
Bf8 27. Be6 Qg7+ 28. Kh1 Qb7+ 29. d5 Bg7 30. Rf7 Rb1+ 31. Kg2 Qb2 32. Rxb1
Nxb1 33. Rxg7 Kxg7 34. Qd4+ Kg6 35. Qg4+ Kf6 36. Qg5+ 1-0

[Event "IsBank TCh-TUR"]
[Site "Konya TUR"]
[Date "2010.07.02"]
[Round "5"]
[White "Can,E"]
[Black "Galkin,A"]
[Result "1/2-1/2"]
[WhiteElo "2477"]
[BlackElo "2597"]
[EventDate "2010.06.29"]

1. e4 c6 2. d4 d5 3. Nc3 dxe4 4. Nxe4 Nd7 5. Nf3 Ngf6 6. Nxf6+ Nxf6 7. c3
Bg4 8. h3 Bxf3 9. Qxf3 Qd5 10. Be2 Qxf3 11. Bxf3 e6 12. Bf4 Be7 13. Be5 O-O
14. Bxf6 Bxf6 15. Ke2 Rfd8 16. Rhd1 a5 17. a4 Rd7 18. Rd3 Kf8 19. Rad1 Ke7
20. R1d2 Bg5 21. Rd1 h6 22. g3 Bf6 23. h4 Rad8 24. Be4 h5 25. Bf3 g6 26.
Be4 Bg7 27. Bg2 Bf6 28. Be4 Bh8 29. Bg2 Bg7 30. Be4 f5 31. Bg2 e5 32. dxe5
Bxe5 33. Rxd7+ Rxd7 34. Rxd7+ Kxd7 35. Ke3 1/2-1/2

[Event "IsBank TCh-TUR"]
[Site "Konya TUR"]
[Date "2010.07.02"]
[Round "5"]
[White "Genc,C"]
[Black "Salepci,O"]
[Result "1/2-1/2"]
[WhiteElo "2205"]
[BlackElo "2130"]
[EventDate "2010.06.29"]

1. c4 Nf6 2. Nf3 g6 3. d4 c5 4. d5 Bg7 5. Nc3 d6 6. e4 O-O 7. Be2 Bg4 8.
O-O Nbd7 9. h3 Bxf3 10. Bxf3 Ne8 11. Be2 e5 12. dxe6 fxe6 13. f4 Bd4+ 14.
Kh1 Nb8 15. Bg4 Qe7 16. f5 Nc6 17. fxe6 Rxf1+ 18. Qxf1 Bxc3 19. bxc3 Ng7
20. Qd3 Ne5 21. Qe2 h5 22. Bf3 Rf8 23. Bh6 Kh7 24. Be3 Qxe6 25. Kh2 Nxc4
26. Bf2 Ne5 27. Rd1 Qf6 28. Bg3 Ne8 29. Rf1 h4 30. Be1 Ng7 31. Rf2 Ne6 32.
Bg4 Nf4 33. Qd1 g5 34. Bf5+ Kh6 35. Rf1 Nc4 36. Qf3 1/2-1/2

[Event "IsBank TCh-TUR"]
[Site "Konya TUR"]
[Date "2010.07.02"]
[Round "5"]
[White "Erbis,B"]
[Black "Okus,M"]
[Result "1-0"]
[WhiteElo "1950"]
[BlackElo "1878"]
[EventDate "2010.06.29"]

1. e4 c5 2. Nc3 Nc6 3. g3 g6 4. Bg2 Bg7 5. d3 d6 6. f4 e5 7. Nge2 Nge7 8.
O-O O-O 9. Nd5 Nxd5 10. exd5 Nd4 11. c3 Nxe2+ 12. Qxe2 f5 13. Qf2 b6 14.
Be3 Ba6 15. Rfd1 Qd7 16. a4 g5 17. Qd2 exf4 18. gxf4 g4 19. a5 b5 20. Bf2
Rab8 21. Re1 b4 22. c4 Rfe8 23. Re6 Rxe6 24. dxe6 Qe7 25. Re1 Bb7 26. Bxb7
Qxb7 27. d4 Bxd4 28. Bxd4 cxd4 29. Qxd4 Qe7 30. Qd5 Rf8 31. a6 Rc8 32. b3
Rc5 33. Qb7 Rc7 34. Qxc7 Qxc7 35. e7 Qc5+ 36. Kf1 1-0

[Event "IsBank TCh-TUR"]
[Site "Konya TUR"]
[Date "2010.07.02"]
[Round "5"]
[White "Soysal,I"]
[Black "Yargici,M"]
[Result "1-0"]
[WhiteElo "1676"]
[BlackElo "1822"]
[EventDate "2010.06.29"]

1. e4 e5 2. Nf3 Nc6 3. Bb5 a6 4. Ba4 Nf6 5. O-O Be7 6. Re1 b5 7. Bb3 O-O 8.
h3 d6 9. c3 Na5 10. Bc2 c5 11. d4 Qc7 12. Nbd2 cxd4 13. cxd4 Nc6 14. Nb3 a5
15. Be3 a4 16. Nbd2 Bd7 17. Rc1 Rac8 18. Qe2 Qb7 19. Bb1 Rc7 20. d5 Nb4 21.
Rxc7 Qxc7 22. Nf1 Rc8 23. Rc1 Qb7 24. Qd2 Na6 25. g4 Bd8 26. Ng3 Rxc1+ 27.
Qxc1 Bb6 28. Nf5 Bxf5 29. gxf5 Nc5 30. Nxe5 Nfxe4 31. Bxe4 Nxe4 32. Bxb6
dxe5 33. Qc7 Qxc7 34. Bxc7 Nf6 35. Bxe5 Nxd5 36. Kg2 Nb4 37. a3 Nd3 38. Bc3
Nf4+ 39. Kg3 Ne2+ 40. Kf3 Ng1+ 41. Kg2 Ne2 42. h4 Kf8 43. Bb4+ Ke8 44. Kf3
Nd4+ 45. Ke4 Nb3 46. Kd5 Kd7 47. Bf8 g6 48. fxg6 hxg6 49. f4 Kc7 50. f5 Kd7
51. Bb4 Kc7 52. fxg6 fxg6 53. Ke5 Kd7 54. Kf6 Nd4 55. Kxg6 Ke6 56. h5 Nf5
57. h6 Nh4+ 58. Kh5 Nf5 59. h7 1-0

[Event "IsBank TCh-TUR"]
[Site "Konya TUR"]
[Date "2010.07.02"]
[Round "5"]
[White "Gundogan,C"]
[Black "Bal,Sevgican"]
[Result "0-1"]
[WhiteElo "1816"]
[BlackElo "1609"]
[EventDate "2010.06.29"]

1. e4 c5 2. Nf3 Nc6 3. d4 cxd4 4. Nxd4 Qb6 5. Nb3 Nf6 6. Nc3 e6 7. Be3 Qc7
8. a3 Be7 9. Be2 O-O 10. O-O Rd8 11. Bf3 d6 12. Qd2 Ne5 13. Be2 Bd7 14. f4
Nc4 15. Qc1 Nxe3 16. Qxe3 Bc6 17. Nd4 d5 18. e5 Nd7 19. Qg3 Bc5 20. Rad1
Qb6 21. Qd3 Qxb2 22. Ra1 Qb6 23. Rfd1 a6 24. Kh1 Bxd4 25. Qxd4 Qxd4 26.
Rxd4 Nf8 27. Rf1 Ng6 28. Rf3 Ne7 29. Rh3 Nf5 30. Rd2 d4 31. Nd1 Rac8 32.
Bf3 Bxf3 33. Rxf3 Ne3 34. c3 Nxd1 35. Rxd1 dxc3 36. Rc1 c2 37. Rff1 Rd2 38.
Kg1 Rcd8 39. h3 b5 40. Kh2 Rd1 41. Rxc2 Rxf1 42. Rc6 0-1

[Event "IsBank TCh-TUR"]
[Site "Konya TUR"]
[Date "2010.07.02"]
[Round "5"]
[White "Kozhuharov,S"]
[Black "Selbes,T"]
[Result "1-0"]
[WhiteElo "2404"]
[BlackElo "2263"]
[EventDate "2010.06.29"]

1. d4 Nf6 2. c4 g6 3. Nc3 Bg7 4. e4 d6 5. f3 a6 6. Bg5 Nbd7 7. Qd2 c5 8. d5
Qa5 9. Nh3 O-O 10. Nf2 Ne5 11. Be2 b5 12. cxb5 Rb8 13. a4 axb5 14. Nxb5
Qxd2+ 15. Bxd2 c4 16. Bc3 Nfd7 17. f4 Nd3+ 18. Nxd3 Bxc3+ 19. bxc3 cxd3 20.
Bxd3 f5 21. exf5 Nc5 22. Be2 Bxf5 23. O-O Ra8 24. a5 Rfc8 25. Ra3 Ne4 26.
Rfa1 Rc5 27. a6 Bd7 28. c4 Nd2 29. Ra4 Kf8 30. Rb4 Ke8 31. a7 Kd8 32. Bd3
Bf5 33. Bxf5 gxf5 34. Nd4 Rxc4 35. Nc6+ Kc7 36. Rb8 Rxc6 37. Rxa8 1-0

[Event "IsBank TCh-TUR"]
[Site "Konya TUR"]
[Date "2010.07.02"]
[Round "5"]
[White "Kayabolen,A"]
[Black "Korkmaz,N"]
[Result "0-1"]
[WhiteElo "1920"]
[BlackElo "2199"]
[EventDate "2010.06.29"]

1. e4 e6 2. d4 d5 3. Nd2 dxe4 4. Nxe4 Bd7 5. Nf3 Bc6 6. Bd3 Nd7 7. O-O Ngf6
8. Ng3 Bd6 9. c3 Qe7 10. Re1 g6 11. c4 b6 12. d5 Bb7 13. dxe6 fxe6 14. Ng5
e5 15. f4 O-O-O 16. N3e4 Bc5+ 17. Kh1 h6 18. Nxf6 hxg5 19. fxg5 Nxf6 20.
gxf6 Qh7 21. Qg4+ Kb8 22. Bf4 exf4 23. Qxf4 Bd6 24. Re5 Bxe5 25. Qxe5 Rxd3
26. f7 Rhd8 0-1

[Event "IsBank TCh-TUR"]
[Site "Konya TUR"]
[Date "2010.07.02"]
[Round "5"]
[White "Zdebskaja,N"]
[Black "Gvetadze,Sopi"]
[Result "1/2-1/2"]
[WhiteElo "2383"]
[BlackElo "2363"]
[EventDate "2010.06.29"]

1. e4 c5 2. Nf3 g6 3. d4 Bg7 4. dxc5 Qa5+ 5. c3 Qxc5 6. Na3 Qc7 7. Nb5 Qd8
8. h4 a6 9. Qa4 Nc6 10. Bg5 d6 11. e5 f6 12. exd6 axb5 13. Qxa8 fxg5 14.
Bxb5 g4 15. Ng5 exd6 16. Bc4 Nh6 17. O-O Be5 18. Rae1 Kf8 19. f4 gxf3 20.
Rxf3+ Kg7 21. Be6 Ne7 22. Qa7 Nef5 23. Re4 Qe7 24. Rb4 Ng4 25. Rxg4 Bxe6
26. Nxe6+ Qxe6 27. Qxb7+ Kh6 28. Qe4 Qxa2 29. Qe2 Rf8 30. Qd2+ Kg7 31. Rf1
Qa7+ 32. Qf2 Qxf2+ 33. Rxf2 h5 34. Ra4 Rb8 35. g4 hxg4 36. Rxg4 Kf6 37.
Rfg2 Ne7 38. Rf2+ Nf5 39. Rfg2 Ne7 40. Rf2+ 1/2-1/2

[Event "IsBank TCh-TUR"]
[Site "Konya TUR"]
[Date "2010.07.02"]
[Round "5"]
[White "Sipahioglu,I"]
[Black "Aydogdu,A"]
[Result "1-0"]
[WhiteElo "2057"]
[BlackElo "2083"]
[EventDate "2010.06.29"]

1. Nf3 Nf6 2. c4 e6 3. Nc3 b6 4. g3 Bb7 5. Bg2 Be7 6. O-O O-O 7. d4 d5 8.
Ne5 Nbd7 9. Nxd7 Qxd7 10. cxd5 Nxd5 11. e4 Nxc3 12. bxc3 Rfd8 13. Be3 Rac8
14. Rc1 Ba3 15. Rc2 Bc6 16. Qd3 Ba4 17. Rd2 e5 18. Rb1 exd4 19. cxd4 Be7
20. Qa6 Rb8 21. f4 h5 22. d5 Bc5 23. Bxc5 bxc5 24. Rb7 Rxb7 25. Qxb7 c4 26.
Qb4 Bb5 27. e5 a6 28. a4 Bxa4 29. Qxc4 Rb8 30. Qxa6 Rb1+ 31. Kf2 Rb4 32.
Qa8+ Kh7 33. Qa5 Rc4 34. Bf1 Rc1 35. Bd3+ g6 36. f5 Qe8 37. Re2 Bd1 38. Re1
Qe7 39. Qd2 Qc5+ 40. Kf1 Qxd5 41. fxg6+ Kg7 42. Rxd1 Qh1+ 43. Ke2 Rxd1 44.
Qxd1 Qxh2+ 45. Kf3 Qh3 46. Qe1 Qg4+ 47. Kg2 h4 48. gxf7 Kxf7 49. Qf2+ Ke6
50. Qf6+ Kd5 51. Qf7+ Kxe5 52. Qxc7+ Kd5 53. Qf7+ Ke5 54. Qe7+ Kd5 55. Qb7+
Ke5 56. Qb5+ Kd6 57. Qb6+ Kd5 58. Qd8+ Ke5 59. Qa5+ Kd6 60. Qa3+ Kd5 61.
Qb3+ Kd6 62. Qb6+ Kd5 63. Qb7+ Kd6 64. Qb8+ Kd5 65. Qb7+ Kd6 66. Qb8+ Kd5
67. Qb3+ Kd6 68. Qa3+ Kd5 69. Qa2+ Kd6 70. Qa6+ Kd5 71. Bc4+ Qxc4 72. Qxc4+
Kxc4 73. g4 Kd5 74. Kh3 Ke6 75. Kxh4 Kf7 76. Kh5 Kf6 77. Kh6 1-0

[Event "IsBank TCh-TUR"]
[Site "Konya TUR"]
[Date "2010.07.02"]
[Round "5"]
[White "Kerigan,D"]
[Black "Komut,B"]
[Result "1-0"]
[WhiteElo "2126"]
[BlackElo "2012"]
[EventDate "2010.06.29"]

1. e4 e5 2. Nf3 Nc6 3. d4 exd4 4. Bc4 Nf6 5. O-O Nxe4 6. Re1 d5 7. Bxd5
Qxd5 8. Nc3 Qa5 9. Nxe4 Be6 10. Bd2 Qf5 11. Bg5 h6 12. Bh4 Bb4 13. c3 dxc3
14. Nd4 Qd5 15. Nxe6 fxe6 16. Nf6+ 1-0

[Event "IsBank TCh-TUR"]
[Site "Konya TUR"]
[Date "2010.07.02"]
[Round "5"]
[White "Sanal,S"]
[Black "Isparta,Sevim"]
[Result "1/2-1/2"]
[WhiteElo "1713"]
[BlackElo "1605"]
[EventDate "2010.06.29"]

1. e4 e5 2. Nf3 Nc6 3. Nc3 Nf6 4. d4 exd4 5. Nxd4 Bb4 6. Nxc6 bxc6 7. Bd3
d5 8. exd5 cxd5 9. O-O O-O 10. Bg5 c6 11. Qf3 Be7 12. h3 Rb8 13. Rab1 h6
14. Bf4 Bd6 15. Rfe1 Rb4 16. Bxd6 Qxd6 17. Ne2 Re8 18. b3 Bd7 19. Ng3 Rxe1+
20. Rxe1 Qf4 21. Qxf4 Rxf4 22. Ne2 Rb4 23. Ng3 g6 24. Kf1 Be6 25. c3 Rb7
26. Ne2 c5 27. Nf4 Bc8 28. Nxd5 Nxd5 29. Re8+ Kg7 30. Rxc8 Nxc3 31. Rxc5
Nxa2 32. Bc4 Nc1 33. Ra5 Nxb3 34. Bxb3 Rxb3 35. Rxa7 1/2-1/2

[Event "IsBank TCh-TUR"]
[Site "Konya TUR"]
[Date "2010.07.02"]
[Round "5"]
[White "Ali Marandi,C"]
[Black "Olcum,A"]
[Result "1/2-1/2"]
[WhiteElo "2105"]
[BlackElo "1949"]
[EventDate "2010.06.29"]

1. e4 c5 2. Nf3 d6 3. c3 Nf6 4. Be2 Nbd7 5. d3 g6 6. O-O Bg7 7. Re1 b6 8.
Bf4 e5 9. Bg5 O-O 10. c4 h6 11. Bxf6 Nxf6 12. Nc3 Nh7 13. Nd5 f5 14. Nd2 f4
15. Bg4 h5 16. Bxc8 Rxc8 17. a4 a5 18. Qf3 Ng5 19. Qd1 Ne6 20. Ra3 Rb8 21.
h3 Rf7 22. Nf3 Ng5 23. Rb3 Nxf3+ 24. Qxf3 Qh4 25. g4 Bf8 26. Kf1 Rh7 27.
Ke2 hxg4 28. hxg4 Be7 29. Rc3 Bd8 30. Rcc1 Rbb7 31. Rh1 Qg5 32. Nc3 Rxh1
33. Rxh1 Rh7 34. Rxh7 Kxh7 35. Nb5 Qe7 36. Qh3+ Kg7 37. Kd2 Qd7 38. Kc3 Bg5
39. Kb3 Bd8 40. Nc3 Be7 41. Ne2 Bg5 42. Ng1 Qe7 43. Nf3 Qd8 44. Ka3 Qe7 45.
Qg2 Qd8 46. Qh1 Be7 47. Qg1 Qd7 48. Qg2 1/2-1/2